000 00665cam a2200253 4500
001 J3174
008 090401t1995 xxu||||| |||| 00| 0 eng d
035 _a(Sirsi) u53547
041 _aeng
050 _a333.33709421
110 _aChesterton
_92357
245 _aQuarterly bulletin: Central London offices: City. - Second quarter 1995 - Fourth quarter 1995
260 _aLondon
_bChesterton
_c1995
300 _a3 pt. ; 30cm.
350 _a0
650 _aCITY OF LONDON
650 _aFLOORSPACE STATISTICS
650 _aOFFICES
650 _aRENT
650 _aYIELDS
690 _aPROPERTY-COMMERCIAL PROPERTY
942 _n0
948 _c04/03/1997
999 _c93291
_d93291